The Lord of the Rings - Prologue - Statistics

General Stats
  • This quiz has been taken 304 times
  • The average score is 133 of 461
Answer Stats
Answer % Correct
The
98%
world
76%
is
73%
I
67%
feel
66%
I
66%
in
66%
it
66%
the
66%
it
65%
the
65%
feel
64%
in
64%
water.
64%
changed.
63%
I
63%
earth.
59%
it
57%
the
57%
in
56%
smell
56%
air.
55%
for
46%
is
46%
Much
46%
once
45%
that
45%
the
45%
the
45%
the
45%
was
45%
with
45%
Elves,
44%
given
44%
it.
44%
of
44%
rings.
44%
Three
44%
to
44%
were
44%
who
44%
and
43%
began
43%
forging
43%
It
43%
lost,
43%
none
43%
now
43%
remember
43%
all
42%
Dwarf
42%
fairest
42%
great
42%
live
42%
Lords,
42%
Men,
42%
nine,
42%
of
42%
Seven
42%
the
42%
to
42%
wisest,
42%
above
41%
all
41%
In
41%
Mordor,
41%
of
41%
power.
41%
race
41%
the
41%
the
41%
to
41%
were
41%
who,
41%
a
40%
all
40%
And
40%
another
40%
beings.
40%
But
40%
Dark
40%
desire
40%
Doom,
40%
else,
40%
fires
40%
for
40%
in
40%
land
40%
Lord
40%
made.
40%
master
40%
miners
40%
Mount
40%
nine
40%
of
40%
of
40%
ring
40%
ring,
40%
rings
40%
Sauron
40%
the
40%
the
40%
they
40%
was
40%
were
40%
and
39%
craftsmen
39%
forged,
39%
of
39%
the
39%
them
39%
deceived,
38%
great
38%
halls.
38%
in
38%
mountain
38%
of
38%
secret,
38%
gifted
37%
immortal,
37%
the
36%
all.
35%
One
35%
ring
35%
rule
35%
them
35%
to
35%
and
34%
by
34%
Earth
34%
For
34%
he
34%
his
34%
malice,
34%
Middle
34%
One
34%
one,
34%
poured
34%
rings
34%
the
34%
these
34%
was
34%
within
34%
all
33%
and
33%
Elves
33%
fell
33%
free
33%
Men
33%
of
33%
of
33%
the
33%
to
33%
to
33%
A
32%
alliance
32%
and
32%
But
32%
govern
32%
last
32%
of
32%
others.
32%
power
32%
resisted.
32%
ring.
32%
some
32%
the
32%
there
32%
to
32%
were
32%
who
32%
all
31%
each
31%
his
31%
into
31%
race.
31%
ring,
31%
the
31%
this
31%
to
31%
his
30%
the
30%
And
29%
and
29%
control
29%
dominate
29%
lands
29%
life.
29%
marched
29%
near.
29%
of
29%
on
29%
strength
29%
Victory
29%
was
29%
will
29%
will
29%
cruelty,
28%
Earth.
28%
Middle
28%
Mordor,
28%
of
28%
the
28%
the
28%
against
27%
armies
27%
be
27%
But
27%
could
27%
Doom,
27%
father's
27%
for
27%
fought
27%
freedom
27%
his
27%
It
27%
Mount
27%
not
27%
of
27%
of
27%
power
27%
ring
27%
sword.
27%
the
27%
the
27%
they
27%
all
26%
hope
26%
Isildur,
26%
King,
26%
moment,
26%
of
26%
of
26%
slopes
26%
son
26%
the
26%
The
26%
took
26%
undone.
26%
up
26%
was
26%
when
26%
are
25%
bound
25%
But
25%
defeated.
25%
easily
25%
in
25%
It
25%
Men
25%
of
25%
of
25%
ring
25%
Sauron,
25%
the
25%
the
25%
this
25%
to
25%
was
25%
who
25%
a
24%
And
24%
and
24%
corrupted.
24%
Earth,
24%
enemy
24%
faded,
24%
had
24%
had
24%
hearts
24%
Isildur,
24%
Middle
24%
this
24%
And
23%
became
23%
became
23%
betrayed
23%
chance
23%
destroy
23%
evil
23%
for
23%
forever.
23%
free
23%
half
23%
History
23%
Isildur,
23%
legend.
23%
Legend
23%
myth.
23%
one
23%
passed
23%
peoples
23%
ring
23%
that
23%
the
23%
thousand
23%
to
23%
two
23%
years,
23%
death.
22%
his
22%
ring
22%
the
22%
to
22%
a
21%
all
21%
And
21%
knowledge.
21%
of
21%
out
21%
passed
21%
ring
21%
The
21%
the
21%
Until,
21%
And
20%
creature
20%
Gollum,
20%
has
20%
it
20%
it
20%
its
20%
of
20%
own.
20%
ring
20%
the
20%
the
20%
to
20%
will
20%
a
19%
A
19%
came
19%
deep
19%
hobbit.
19%
into
19%
it
19%
Misty
19%
Mountains.
19%
of
19%
The
19%
there,
19%
who
19%
all.
18%
bearer.
18%
been
18%
chance
18%
consumed
18%
five
18%
For
18%
forgotten
18%
Gollum
18%
have
18%
him.
18%
hundred
18%
it
18%
life.
18%
long
18%
lost.
18%
new
18%
not
18%
of
18%
of
18%
power
18%
Shire.
18%
should
18%
some
18%
that
18%
the
18%
things
18%
took
18%
unnatural
18%
were
18%
when
18%
years,
18%
Baggins
17%
Bilbo
17%
came,
17%
ensnared
17%
For
17%
his
17%
mind.
17%
of
17%
poisoned
17%
tunnels
17%
abandoned
16%
And
16%
But
16%
creature
16%
did
16%
Gollum.
16%
happened
16%
imaginable.
16%
intend.
16%
It
16%
It
16%
most
16%
not
16%
ring
16%
ring
16%
something
16%
the
16%
the
16%
the
16%
the
16%
the
16%
then
16%
time
16%
to
16%
unlikely
16%
will
16%
a
15%
and
15%
back
15%
by
15%
hobbits
15%
into
15%
it
15%
of
15%
of
15%
picked
15%
power
15%
the
15%
the
15%
up
15%
was
15%
when
15%
world.
15%
a
14%
brought
14%
cave,
14%
come.
14%
come
14%
crept
14%
Darkness
14%
East.
14%
fear,
14%
forests
14%
fortunes
14%
gloom
14%
Gollum's
14%
had
14%
in
14%
in
14%
It's
14%
nameless
14%
now
14%
of
14%
of
14%
of
14%
perceived.
14%
soon
14%
the
14%
the
14%
time
14%
waited.
14%
Whispers
14%
will
14%
grew
13%
shadow
13%
shape
12%
Rumour
11%
No matching quizzes found
Score Distribution
Percent of People with Each Score
Percentile by Number Answered
Your Score History
You have not taken this quiz